Maine by Picture - Statistics

General Stats
  • This quiz has been taken 51 times
  • The average score is 10 of 18
Answer Stats
Picture Hint Answer % Correct
most iconic seafood American lobster
100%
state animal Moose
100%
author Stephen King
95%
large house cat breed Maine {Coon}
90%
national park Acadia
85%
company L.L.Bean
76%
city Bangor
63%
singer and actress Anna Kendrick
59%
beach town {Old} {Orchard} Beach
49%
county York
49%
highest point Mt. Katahdin
46%
city Lewiston
39%
county Aroostook
37%
river Penobscot
37%
bay Casco Bay
34%
lighthouse Portland Head Light
32%
lighthouse Cape Neddick Light
20%
Bush family summer estate {Walker}'s Point
17%
No matching quizzes found
Score Distribution
Percent of People with Each Score
Percentile by Number Answered
Your Score History
You have not taken this quiz